• 首页
  • 本馆介绍
  • 公告通知
  • 最新文献
  • 馆藏检索
  • 电子资源
  • 读者导购
  • 参考咨询
  • 我的图书馆
  • 登录
  • 详细信息显示
  • 放入我的书架
  • 预约/预借图书
  • 作者相关作品
  • 分类相关作品
  • 丛书相关作品
  • 出版社相关作品

书目信息

  • 表格格式
  • 工作单格式
  • 卡片格式
题名:
体育统计方法
    
 
作者: 徐英超 , 徐迪生 编
分册:  
出版信息: 北京   人民体育出版社  1981
页数: 295页
开本: 19cm
丛书名:
单 册:
中图分类: G80-32
科图分类:
主题词: 体育统计--方法
电子资源:
ISBN:
000 00649nam0 2200241 45
001 0181009240
005 20070710095512.48
010    @dCNY0.99
091    @a7015.1902
100    @a19950424d1981 emky0chiy0121 ea
101 0  @achi
102    @aCN@b110000
105    @ay 000yy
200 10 @a体育统计方法@Ati yu tong ji fang fa@f徐英超,徐迪生编
210    @a北京@c人民体育出版社@d1981
215    @a295页@d19cm
606    @a体育统计@x方法
690    @aG80-32@v3
701  0 @a徐英超@Axu ying chao@4编
701  0 @a徐迪生@Axu di sheng@4编
801  2 @aCN@bNLC@c20070710
801  0 @aCN@b上海图书馆@c20040430
905    @f1@b74401@dG80-32@e19
    
    体育统计方法/徐英超,徐迪生编.-北京:人民体育出版社,1981
    295页;19cm
    
    
    ISBN :CNY0.99
    
●
相关链接 在E读中查询图书 在五车中查询图书 在当当中查询图书 在豆瓣中查询图书


正题名:体育统计方法     索取号:G80-32/19         预约/预借

序号 登录号 条形码 馆藏地/架位号 状态 备注
1 0074401   000998442   密集书库/ [索取号:G80-32/19] 在馆    
2 0074402   202436916   第一样本阅览室/ [索取号:G80-32/19] 在馆    
3 0768697   207686976   密集书库/ [索取号:G80-32/19] 在馆    
唐山师范学院图书馆 欢迎您!
大连网信软件有限公司© 版权所有